书目信息 |
| 题名: |
小穴位 大健康
|
|
| 作者: | 李智 著 | |
| 分册: | ||
| 出版信息: | 上海 上海锦绣文章出版社 2010.01 |
|
| 页数: | 288页 | |
| 开本: | 24cm | |
| 丛书名: | 医道养生系列 | |
| 单 册: | ||
| 中图分类: | R212 | |
| 科图分类: | ||
| 主题词: | 养生(中医)--基本知识 | |
| 电子资源: | ||
| ISBN: | 978-7-5452-0482-7 | |
| 000 | 00954nam 2200289 450 | |
| 001 | 012010610074 | |
| 005 | 20100619115845.50 | |
| 009 | 012004414710 | |
| 010 | @a978-7-5452-0482-7@dCNY32.80 (含光盘) | |
| 016 | @aCN-A39-05-0047-0@b光盘 | |
| 100 | @a20100515d2010 em y0chiy0110 ea | |
| 101 | 0 | @achi |
| 102 | @aCN@b310000 | |
| 105 | @aa z 000yy | |
| 200 | 1 | @a小穴位 大健康@Axiao xue wei da jian kang@f李智著 |
| 210 | @a上海@c上海锦绣文章出版社@d2010.01 | |
| 215 | @a288页@c图@d24cm@e光盘1片 | |
| 225 | 2 | @a医道养生系列@v2 |
| 312 | @a版权页题名:小穴位,大健康 | |
| 330 | @a本书介绍了最贴女人心的8个美容穴、应该牢记的7个救命穴、最有效的32个祛病穴、最适合上班族的21个养生穴、能带来好运气的35个养命穴。 | |
| 410 | 0 | @12001 @a医道养生系列@v2 |
| 517 | 1 | @a小穴位,大健康@Axiao xue wei, da jian kang |
| 606 | 0 | @a养生(中医)@x基本知识 |
| 690 | @aR212@v4 | |
| 701 | 0 | @a李智@Ali zhi@4著 |
| 801 | 0 | @aCN@c20100515 |
| 905 | @dR212@eL333@f3 | |
| 小穴位 大健康/李智著.-上海:上海锦绣文章出版社,2010.01 |
| 288页:图;24cm+光盘1片.-(医道养生系列;2) |
| ISBN 978-7-5452-0482-7:CNY32.80 (含光盘) |
| 本书介绍了最贴女人心的8个美容穴、应该牢记的7个救命穴、最有效的32个祛病穴、最适合上班族的21个养生穴、能带来好运气的35个养命穴。 |
| ● |
| 相关链接 |
|
|
|
正题名:小穴位 大健康
索取号:R212/L333
 
预约/预借
| 序号 | 登录号 | 条形码 | 馆藏地/架位号 | 状态 | 备注 |